Statistiques concernant Frontières de l'Europe

Cliquez ici pour prendre le quiz!

Statistiques générales

  • Ce quiz a été pris 160 fois
  • Le résultat moyen est 63 sur 75

Statistiques - réponses

QuestionTuileSelect% Correct
Frontières de L'Europe. (10)Allemagne / MonacoNon
100%
Frontières de L'Europe. (10)Espagne / Saint-MarinNon
100%
Frontières de L'Europe. (10)Pays-Bas / PortugalNon
100%
Frontières de L'Europe. (10)Andorre / ItalieNon
99%
Frontières de L'Europe. (10)Andorre / PortugalNon
99%
Frontières de L'Europe. (10)Espagne / LuxembourgNon
99%
Frontières de L'Europe. (10)Espagne / MonacoNon
99%
Frontières de L'Europe. (10)France / LiechtensteinNon
99%
Frontières de L'Europe. (10)France / PortugalNon
99%
Frontières de L'Europe. (10)Monaco / SuisseNon
98%
Frontières de L'Europe. (10)Belgique / FranceOui
97%
Frontières de L'Europe. (10)France / Saint-MarinNon
97%
Frontières de L'Europe. (10)Italie / VaticanOui
97%
Frontières de L'Europe. (10)Belgique / Pays-BasOui
96%
Frontières de L'Europe. (10)Espagne / PortugalOui
96%
Frontières de L'Europe. (10)France / ItalieOui
96%
Frontières de L'Europe. (10)Italie / MalteNon
96%
Frontières de L'Europe. (10)Allemagne / ItalieNon
95%
Frontières de L'Europe. (10)Allemagne / Pays-BasOui
95%
Frontières de L'Europe. (10)France / LuxembourgOui
95%
Frontières de L'Europe. (10)Allemagne / BelgiqueOui
94%
Frontières de L'Europe. (12)Allemagne / NorvègeNon
94%
Frontières de L'Europe. (10)Italie / LiechtensteinNon
94%
Frontières de L'Europe. (10)Allemagne / SuisseOui
93%
Frontières de L'Europe. (12)Irlande / IslandeNon
93%
Frontières de L'Europe. (10)Liechtenstein / SuisseOui
92%
Frontières de L'Europe. (12)Danemark / FinlandeNon
90%
Frontières de L'Europe. (10)Albanie / AndorreNon
89%
Frontières de L'Europe. (10)Allemagne / Bosnie-Herz.Non
89%
Frontières de L'Europe. (12)Grèce / MoldavieNon
89%
Frontières de L'Europe. (10)Allemagne / BiélorussieNon
87%
Frontières de L'Europe. (12)Lituanie / UkraineNon
87%
Frontières de L'Europe. (12)Russie / SuèdeNon
87%
Frontières de L'Europe. (10)Autriche / Bosnie-Herz.Non
86%
Frontières de L'Europe. (10)Bosnie-Herz. / Rép. TchèqueNon
86%
Frontières de L'Europe. (12)Russie / UkraineOui
86%
Frontières de L'Europe. (12)Biélorussie / UkraineOui
85%
Frontières de L'Europe. (12)Irlande / Royaume-UniOui
84%
Frontières de L'Europe. (12)Roumanie / TurquieNon
84%
Frontières de L'Europe. (10)Slovaquie / SlovénieNon
84%
Frontières de L'Europe. (10)Croatie / Rép. TchèqueNon
83%
Frontières de L'Europe. (12)Estonie / LituanieNon
83%
Frontières de L'Europe. (12)Finlande / RussieOui
83%
Frontières de L'Europe. (10)Albanie / BulgarieNon
82%
Frontières de L'Europe. (12)Estonie / RussieOui
82%
Frontières de L'Europe. (12)Grèce / RoumanieNon
82%
Frontières de L'Europe. (10)Hongrie / MacédoineNon
82%
Frontières de L'Europe. (12)Norvège / SuèdeOui
82%
Frontières de L'Europe. (12)Allemagne / DanemarkOui
81%
Frontières de L'Europe. (10)Croatie / KosovoNon
80%
Frontières de L'Europe. (12)Lettonie / PologneNon
80%
Frontières de L'Europe. (10)France / Pays-BasNon
79%
Frontières de L'Europe. (10)Rép. Tchèque / SlovénieNon
78%
Frontières de L'Europe. (10)Slovénie / SerbieNon
78%
Frontières de L'Europe. (10)Autriche / SuisseOui
76%
Frontières de L'Europe. (12)Biélorussie / PologneOui
76%
Frontières de L'Europe. (10)Slovaquie / SerbieNon
75%
Frontières de L'Europe. (10)Autriche / LiechtensteinOui
74%
Frontières de L'Europe. (12)Bulgarie / MoldavieNon
74%
Frontières de L'Europe. (12)Lituanie / RussieOui
74%
Frontières de L'Europe. (10)Albanie / MonténégroOui
73%
Frontières de L'Europe. (12)Estonie / FinlandeNon
73%
Frontières de L'Europe. (10)Autriche / HongrieOui
72%
Frontières de L'Europe. (10)Bosnie-Herz. / CroatieOui
71%
Frontières de L'Europe. (10)Italie / SlovénieOui
70%
Frontières de L'Europe. (12)Biélorussie / EstonieNon
68%
Frontières de L'Europe. (12)Lituanie / PologneOui
68%
Frontières de L'Europe. (12)Grèce / TurquieOui
67%
Frontières de L'Europe. (10)Kosovo / MacédoineOui
66%
Frontières de L'Europe. (12)Pologne / RussieOui
64%
Frontières de L'Europe. (10)Pologne / SlovaquieOui
64%
Frontières de L'Europe. (10)Roumanie / SlovaquieNon
62%
Frontières de L'Europe. (10)Hongrie / PologneNon
60%
Frontières de L'Europe. (10)Kosovo / MonténégroOui
59%
Frontières de L'Europe. (10)Hongrie / UkraineOui
40%

Distribution des résultats

Percentile par nombre de réponses

% des personnes avec chaque résultat

Votre développement - résultats

Vous n’avez pas pris ce quiz